[Event "BL2 West 0910 (Women)"]
[Site "Germany"]
[Date "2009.12.06"]
[Round "4.2"]
[White "Freter, Anke"]
[Black "Goihl, Mona"]
[Result "0-1"]
[WhiteElo "1951"]
[BlackElo "2101"]
[PlyCount "102"]
[EventDate "2009.11.07"]
[EventType "team-tourn"]
[EventRounds "7"]
[EventCountry "GER"]
[SourceTitle "CBM 133 Extra"]
[Source "ChessBase"]
[SourceDate "2010.01.05"]
[SourceVersion "1"]
[SourceVersionDate "2010.01.05"]
[SourceQuality "1"]
[WhiteTeam "Kaltenkirchen (W)"]
[BlackTeam "Wattenscheid (W)"]
[WhiteTeamCountry "GER"]
[BlackTeamCountry "GER"]

1. e4 c5 2. Nc3 Nc6 3. g3 g6 4. Bg2 Bg7 5. f4 e6 6. Nf3 Nge7 7. 0-0 0-0 8. d3 a6 9. e5 d6 10. exd6 Qxd6 11. Ne4 Qc7 12. Rb1 b6 13. Bd2 Bb7 14. Bc3 Nd4 15. Re1 Nd5 16. Ne5 Rad8 17. Nc4 Nxc3 18. bxc3 Nb5 19. a4 Bxe4 20. axb5 Bxg2 21. Kxg2 Bxc3 22. Rf1 axb5 23. Ne3 Qc6+ 24. Qf3 Qxf3+ 25. Kxf3 b4 26. g4 Ra8 27. f5 Ra2 28. h4 Rd8 29. fxe6 fxe6 30. Ke4 Rd4+ 31. Kf3 Bd2 32. Nc4 Rxc2 33. Nxb6 Rxd3+ 34. Ke2 Rh3 35. Kd1 Ra2 36. Nd7 Bc3 37. Nxc5 Rd2+ 38. Kc1 Rhh2 39. Ne4 Rc2+ 40. Kd1 Ra2 41. g5 Rab2 42. Rc1 Kg7 43. Nxc3 Rbd2+ 44. Ke1 bxc3 45. Rf3 c2 46. Rc3 Kf8 47. Rc8+ Ke7 48. Rc7+ Kd6 49. Rxh7 Rhe2+ 50. Kf1 Rf2+ 51. Kg1 Rd1+ 0-1

[Event "Muensterland Verbandsklasse-B 0910"]
[Site "Germany"]
[Date "2009.09.19"]
[Round "1.2"]
[White "Goihl, Mona"]
[Black "Jacob, Helmut"]
[Result "1/2-1/2"]
[WhiteElo "1977"]
[BlackElo "1981"]
[PlyCount "113"]
[EventDate "2009.09.19"]
[EventType "team-tourn"]
[EventRounds "9"]
[EventCountry "GER"]
[SourceTitle "EXT 2011"]
[Source "ChessBase"]
[SourceDate "2010.11.26"]
[SourceVersion "1"]
[SourceVersionDate "2010.11.26"]
[SourceQuality "1"]
[WhiteTeam "Emsdetten Rochade"]
[BlackTeam "Ochtrup"]
[WhiteTeamCountry "GER"]
[BlackTeamCountry "GER"]

1. e4 c6 2. d4 d5 3. Nc3 dxe4 4. Nxe4 Bf5 5. Ng3 Bg6 6. h4 h6 7. Nf3 Nd7 8. h5 Bh7 9. Bd3 Bxd3 10. Qxd3 e6 11. Bd2 Ngf6 12. 0-0-0 Qc7 13. Ne5 Nxe5 14. dxe5 Qxe5 15. c4 Qc7 16. Rhe1 Be7 17. Qf3 0-0-0 18. Bc3 Rxd1+ 19. Rxd1 Rd8 20. Re1 Qd7 21. Qe3 c5 22. Bxf6 Bxf6 23. Qxc5+ Kb8 24. Qe3 Qc7 25. Ne4 Qxc4+ 26. Kb1 Qd3+ 27. Qxd3 Rxd3 28. Kc2 Rd5 29. g4 Bg5 30. Rf1 Bf4 31. Kc3 Kc7 32. f3 Kd8 33. a3 Ke7 34. b4 Be5+ 35. Kc2 Bf4 36. Kc3 b5 37. Nc5 a5 38. Nd3 axb4+ 39. axb4 Be3 40. f4 Bd4+ 41. Kd2 Rd7 42. Rc1 Ra7 43. Rc2 Kd7 44. Ne1 Ra3 45. Nd3 Ra1 46. Ke2 Rb1 47. Kf3 f5 48. gxf5 exf5 49. Rd2 Rb3 50. Ke2 Ke6 51. Nc5+ Bxc5 52. bxc5 Rc3 53. Rd6+ Ke7 54. Rd5 b4 55. Kd2 Ke6 56. Rd6+ Kf7 57. Rd7+ 1/2-1/2

[Event "BL2 West 0809 (Women)"]
[Site "Germany"]
[Date "2008.12.06"]
[Round "3.2"]
[White "Goihl, Mona"]
[Black "Kopylov, Luba"]
[Result "0-1"]
[WhiteElo "2128"]
[BlackElo "2202"]
[PlyCount "112"]
[EventDate "2008.11.08"]
[EventType "team-tourn"]
[EventRounds "7"]
[EventCountry "GER"]
[SourceTitle "EXT 2010"]
[Source "ChessBase"]
[SourceDate "2010.11.25"]
[SourceVersion "1"]
[SourceVersionDate "2010.11.25"]
[SourceQuality "1"]
[WhiteTeam "Wattenscheid (W)"]
[BlackTeam "Kiel Doppelbauer (W)"]
[WhiteTeamCountry "GER"]
[BlackTeamCountry "GER"]

1. e4 c5 2. Nf3 d6 3. c3 Nf6 4. Be2 g6 5. 0-0 Bg7 6. Bb5+ Bd7 7. Bxd7+ Qxd7 8. Re1 Nc6 9. d4 cxd4 10. cxd4 0-0 11. Nc3 Rac8 12. Bg5 h6 13. Be3 Na5 14. e5 Ne8 15. Ne4 Nc4 16. Qe2 dxe5 17. Nxe5 Nxe5 18. dxe5 Bxe5 19. Nc5 Qf5 20. g4 Qf6 21. Nd7 Bxh2+ 22. Kxh2 Qd6+ 23. Kg1 Qxd7 24. Bxh6 Ng7 25. Rad1 Qa4 26. b3 Qb4 27. Bd2 Qa3 28. Bc1 Qa5 29. Bh6 Rfe8 30. Qb2 f6 31. Re4 Kf7 32. Rde1 e5 33. Bxg7 Kxg7 34. g5 Qc3 35. gxf6+ Kxf6 36. Qe2 Rcd8 37. Re3 Qc7 38. Qf3+ Kg7 39. Rc3 Qe7 40. Rec1 Rd7 41. Qe3 Rh8 42. Re1 Rh5 43. Kf1 Qh4 44. Qxa7 Rf7 45. Ke2 Qg4+ 46. Kd2 Qf4+ 47. Qe3 Qxf2+ 48. Qxf2 Rxf2+ 49. Ke3 Rf7 50. Rc5 Kf6 51. Rb5 Rh3+ 52. Ke4 Rh4+ 53. Ke3 g5 54. a4 Kf5 55. b4 Re4+ 56. Kd2 Rd7+ 0-1

[Event "BL2 West 0809 (Women)"]
[Site "Germany"]
[Date "2008.11.09"]
[Round "2.2"]
[White "Goihl, Mona"]
[Black "Sarana Hungeling, Oksana"]
[Result "0-1"]
[WhiteElo "2128"]
[BlackElo "2231"]
[PlyCount "60"]
[EventDate "2008.11.08"]
[EventType "team-tourn"]
[EventRounds "7"]
[EventCountry "GER"]
[SourceTitle "EXT 2010"]
[Source "ChessBase"]
[SourceDate "2010.11.25"]
[SourceVersion "1"]
[SourceVersionDate "2010.11.25"]
[SourceQuality "1"]
[WhiteTeam "Wattenscheid (W)"]
[BlackTeam "Steinfurt (W)"]
[WhiteTeamCountry "GER"]
[BlackTeamCountry "GER"]

1. e4 e6 2. d4 d5 3. exd5 exd5 4. Nf3 Nc6 5. h3 Bd6 6. c4 Nf6 7. Nc3 0-0 8. Be2 dxc4 9. Bxc4 Re8+ 10. Be2 Nb4 11. Bg5 Be7 12. 0-0 Nbd5 13. Qb3 Nb6 14. Rfe1 c6 15. Rad1 Be6 16. Qc2 h6 17. Bh4 Nbd5 18. Nxd5 Bxd5 19. Ne5 Bb4 20. Rf1 Bd6 21. Ng4 Be7 22. Ne3 Be6 23. a3 Nd5 24. Bxe7 Qxe7 25. Ng4 Qg5 26. Kh1 Bf5 27. Qd2 Qxd2 28. Rxd2 Rad8 29. Ne5 Nf6 30. Bf3 Rxe5 0-1

[Event "BL2 West 0708 (Women)"]
[Site "Germany"]
[Date "2008.03.16"]
[Round "7.2"]
[White "Voss, Chantal"]
[Black "Goihl, Mona"]
[Result "0-1"]
[WhiteElo "1965"]
[BlackElo "2126"]
[PlyCount "80"]
[EventDate "2007.11.10"]
[EventType "team-tourn"]
[EventRounds "7"]
[EventCountry "GER"]
[SourceTitle "EXT 2009"]
[Source "ChessBase"]
[SourceDate "2008.11.26"]
[SourceVersion "1"]
[SourceVersionDate "2008.11.26"]
[SourceQuality "1"]
[WhiteTeam "Schott Mainz (W) II"]
[BlackTeam "Wattenscheid (W)"]
[WhiteTeamCountry "GER"]
[BlackTeamCountry "GER"]

1. d4 Nf6 2. c4 g6 3. Nc3 d5 4. cxd5 Nxd5 5. e4 Nxc3 6. bxc3 Bg7 7. Bc4 0-0 8. Ne2 c5 9. 0-0 Qa5 10. Be3 Nc6 11. Qc2 Bd7 12. Rab1 Qc7 13. Bb5 a6 14. Bxc6 Bxc6 15. d5 Bd7 16. Bf4 Qc8 17. Rb6 e5 18. Be3 Qc7 19. Rb2 b5 20. Rfb1 Rab8 21. Qd3 Qd6 22. c4 Rfc8 23. Nc3 b4 24. Ne2 a5 25. a3 Ra8 26. Ra2 Bf8 27. axb4 cxb4 28. c5 Rxc5 29. Bxc5 Qxc5 30. Nc1 a4 31. h3 Bb5 32. Qd2 Qc4 33. f3 Rc8 34. Ne2 b3 35. Rab2 a3 36. Rxb3 Qxe2 37. Qxe2 Bxe2 38. Ra1 Ra8 39. Kf2 Bc4 40. Rb7 Bc5+ 0-1

[Event "BL2 West 0708 (Women)"]
[Site "Germany"]
[Date "2008.03.15"]
[Round "6.2"]
[White "Goihl, Mona"]
[Black "Donchenko, Irina"]
[Result "0-1"]
[WhiteElo "2126"]
[BlackElo "2049"]
[PlyCount "106"]
[EventDate "2007.11.10"]
[EventType "team-tourn"]
[EventRounds "7"]
[EventCountry "GER"]
[SourceTitle "EXT 2009"]
[Source "ChessBase"]
[SourceDate "2008.11.26"]
[SourceVersion "1"]
[SourceVersionDate "2008.11.26"]
[SourceQuality "1"]
[WhiteTeam "Wattenscheid (W)"]
[BlackTeam "Hofheim (W)"]
[WhiteTeamCountry "GER"]
[BlackTeamCountry "GER"]

1. e4 c5 2. Nf3 d6 3. c3 Nf6 4. Be2 Nc6 5. d4 cxd4 6. cxd4 Nxe4 7. d5 Qa5+ 8. Nc3 Nxc3 9. bxc3 Ne5 10. Nxe5 dxe5 11. 0-0 g6 12. Rb1 Qc7 13. Qb3 b6 14. f4 Bg7 15. d6 exd6 16. Bb5+ Bd7 17. fxe5 0-0 18. Bc4 Bxe5 19. Bxf7+ Kg7 20. Bd2 Bf5 21. Rxf5 gxf5 22. Bd5 Rac8 23. c4 Qe7 24. Qh3 Qf6 25. Rf1 Qg6 26. Kh1 f4 27. Qd7+ Kh8 28. Re1 Qg7 29. Qh3 Rce8 30. Rf1 Qg6 31. Qf3 Qc2 32. Bb4 a5 33. Ba3 Qc3 34. Qxc3 Bxc3 35. Bxd6 Rf6 36. Bc7 Re2 37. h3 Kg7 38. Rf3 Re3 39. Rf2 Re1+ 40. Kh2 Be5 41. Bd8 f3+ 42. g3 Rg6 43. Rxf3 Re2+ 44. Kh1 Bxg3 45. Bf7 Rd6 46. Bd5 Rxd8 47. Rxg3+ Kf6 48. a3 b5 49. Rf3+ Ke5 50. Rf1 Re3 51. Kg2 Rxa3 52. Re1+ Kd4 53. Re4+ Kc5 0-1

[Event "Ruhrgebiet VK2 0708"]
[Site "Germany"]
[Date "2008.01.20"]
[Round "5.2"]
[White "Goihl, Mona"]
[Black "Woller, Rainer"]
[Result "0-1"]
[WhiteElo "2139"]
[BlackElo "2152"]
[PlyCount "82"]
[EventDate "2007.09.16"]
[EventType "team-tourn"]
[EventRounds "9"]
[EventCountry "GER"]
[SourceTitle "EXT 2009"]
[Source "ChessBase"]
[SourceDate "2008.11.26"]
[SourceVersion "1"]
[SourceVersionDate "2008.11.26"]
[SourceQuality "1"]
[WhiteTeam "Wattenscheid IV"]
[BlackTeam "Mengede SG"]
[WhiteTeamCountry "GER"]
[BlackTeamCountry "GER"]

1. e4 e6 2. d4 d5 3. exd5 exd5 4. Nf3 Bd6 5. c4 c6 6. Nc3 Ne7 7. Bd3 0-0 8. 0-0 dxc4 9. Bxc4 Bg4 10. h3 Bh5 11. Bg5 Nd7 12. Re1 Nb6 13. Bb3 Re8 14. Qd3 Qd7 15. Bxe7 Rxe7 16. Rxe7 Qxe7 17. Re1 Qd8 18. Qe3 Bxf3 19. Qxf3 Qd7 20. Ne4 Bb4 21. Rd1 Nd5 22. Ng5 Re8 23. Bc2 Nf6 24. Bb3 Re7 25. Bc2 Qd5 26. Qxd5 cxd5 27. Kf1 Rc7 28. Bb3 Kf8 29. Nf3 Ke7 30. Ne5 Kd6 31. Ke2 Ba5 32. Nd3 Re7+ 33. Kf3 Ne4 34. Bc2 Nd2+ 35. Kg3 Re2 36. b4 Ne4+ 37. Kf3 Rxc2 38. bxa5 Rxa2 39. Ke3 Rxa5 40. f3 Ng5 41. Nc5 Rb5 0-1

[Event "BL2 Gr01 0506 (Women)"]
[Site "Germany"]
[Date "2005.10.30"]
[Round "2.1"]
[White "Goihl, Mona"]
[Black "Feibert, Petra"]
[Result "1/2-1/2"]
[WhiteElo "2075"]
[BlackElo "2033"]
[PlyCount "73"]
[EventDate "2005.10.29"]
[EventType "team-tourn"]
[EventRounds "7"]
[EventCountry "GER"]
[SourceTitle "EXT 2007"]
[Source "ChessBase"]
[SourceDate "2006.11.23"]
[SourceVersion "1"]
[SourceVersionDate "2006.11.23"]
[SourceQuality "1"]
[WhiteTeam "Wattenscheid (W)"]
[BlackTeam "Mannheim (W)"]
[WhiteTeamCountry "GER"]
[BlackTeamCountry "GER"]

1. e4 c5 2. Nf3 d6 3. c3 Nf6 4. Be2 Nc6 5. d4 cxd4 6. cxd4 d5 7. exd5 Nxd5 8. 0-0 e6 9. Nc3 Be7 10. Ne4 0-0 11. a3 Nf6 12. Nc3 b6 13. Bg5 Bb7 14. Qd3 h6 15. Bh4 Nd5 16. Bxe7 Ndxe7 17. Rfd1 Nd5 18. Qe4 Na5 19. Bd3 Nf6 20. Qf4 Nb3 21. Rab1 Kh8 22. Bc4 Na5 23. Ba2 Nd5 24. Nxd5 Bxd5 25. Bxd5 Qxd5 26. Ne5 Kg8 27. Rbc1 f6 28. Ng4 Rac8 29. Qg3 Kh8 30. Qf4 Qg5 31. Qxg5 hxg5 32. Ne3 Kg8 33. Kf1 Rfd8 34. Rxc8 Rxc8 35. d5 Kf7 36. dxe6+ Kxe6 37. Ke2 1/2-1/2

[Event "Muensterland op 23rd"]
[Site "Senden"]
[Date "2005.10.05"]
[Round "6"]
[White "Goihl, Mona"]
[Black "Braun, Vitali"]
[Result "0-1"]
[WhiteElo "2142"]
[BlackElo "2258"]
[PlyCount "98"]
[EventDate "2005.10.02"]
[EventType "swiss"]
[EventRounds "9"]
[EventCountry "GER"]
[SourceTitle "CBM 108 Extra"]
[Source "ChessBase"]
[SourceDate "2005.11.04"]
[SourceVersion "1"]
[SourceVersionDate "2005.11.04"]
[SourceQuality "1"]

1. e4 e6 2. d4 d5 3. exd5 Qxd5 4. Nf3 Nf6 5. Bd3 Be7 6. 0-0 0-0 7. Bf4 c5 8. Nc3 Qd8 9. dxc5 Bxc5 10. Ng5 Nbd7 11. Qe2 a6 12. Rad1 Qa5 13. Nce4 Be7 14. Rfe1 b5 15. Nxf6+ Nxf6 16. Qf3 Ra7 17. Re5 Qb4 18. Ne4 Bb7 19. Be3 Bxe4 20. Bxe4 Rd7 21. Rb1 Bd6 22. a3 Qc4 23. b3 Qc7 24. Rg5 Bxh2+ 25. Kh1 Nxe4 26. Qxe4 Bd6 27. Bd4 e5 28. Bxe5 Bxe5 29. Rxe5 Rd2 30. Re8 Rxc2 31. Rxf8+ Kxf8 32. Qxh7 Rc1+ 33. Rxc1 Qxc1+ 34. Kh2 Qxa3 35. Qh8+ Ke7 36. Qxg7 Qxb3 37. Qg5+ Kd7 38. Qc5 Qc4 39. Qf5+ Qe6 40. Qf3 Kc7 41. Qa8 Kb6 42. Qd8+ Kc5 43. Qc7+ Kb4 44. Qf4+ Kb3 45. Qf3+ Kb2 46. Qd3 b4 47. Qd2+ Ka3 48. Qc1+ Ka4 49. Qa1+ Kb5 0-1

[Event "Muensterland op 23rd"]
[Site "Senden"]
[Date "2005.10.03"]
[Round "4"]
[White "Goihl, Mona"]
[Black "Racherbaeumer, Marcel"]
[Result "1/2-1/2"]
[WhiteElo "2142"]
[BlackElo "2242"]
[PlyCount "144"]
[EventDate "2005.10.02"]
[EventType "swiss"]
[EventRounds "9"]
[EventCountry "GER"]
[SourceTitle "CBM 108 Extra"]
[Source "ChessBase"]
[SourceDate "2005.11.04"]
[SourceVersion "1"]
[SourceVersionDate "2005.11.04"]
[SourceQuality "1"]

1. e4 e6 2. d4 d5 3. exd5 exd5 4. Nf3 Bd6 5. c4 c6 6. Nc3 Ne7 7. Bd3 0-0 8. 0-0 dxc4 9. Bxc4 Bg4 10. Ne4 Qc7 11. h3 Bh5 12. Re1 Nd7 13. Bg5 Rfe8 14. g4 Bg6 15. Nxd6 Qxd6 16. Qe2 Nf6 17. Qe5 Qd7 18. Qh2 Nfd5 19. Ne5 Qd6 20. Nxg6 Qxh2+ 21. Kxh2 Nxg6 22. Bxd5 cxd5 23. Rxe8+ Rxe8 24. Rc1 f6 25. Be3 Kf7 26. Kg3 Re7 27. Rc8 Rd7 28. a3 Ne7 29. Rc5 Nc6 30. Kf3 Ke6 31. Ke2 Rd8 32. Kd3 g6 33. Bd2 Rc8 34. Rc1 Kd7 35. h4 Rh8 36. Rc5 Ne7 37. Bb4 b6 38. Rc1 Nc6 39. Bd2 h5 40. Rg1 hxg4 41. Rxg4 Ke6 42. Rxg6 Rxh4 43. Be3 Kf7 44. Rg1 Rh8 45. Rc1 Rc8 46. Rh1 Ne7 47. Bd2 Ke6 48. Rh6 Rd8 49. Rh7 Rd7 50. Rh1 Nf5 51. Re1+ Kf7 52. Rh1 Ne7 53. Rh7+ Ke6 54. Rh1 Ng6 55. Re1+ Kf5 56. Re8 Nf4+ 57. Bxf4 Kxf4 58. Rh8 Kf3 59. Rh2 f5 60. Rh6 f4 61. Rf6 Rg7 62. Rf5 Rg2 63. Rxd5 Rxf2 64. b3 Rb2 65. Kc3 Ra2 66. a4 Kg4 67. Rd7 f3 68. Rxa7 f2 69. Rf7 Kg3 70. d5 Ra1 71. Rg7+ Kh4 72. Rf7 Kg5 1/2-1/2

[Event "Muensterland op 23rd"]
[Site "Senden"]
[Date "2005.10.03"]
[Round "3"]
[White "Goihl, Mona"]
[Black "Sazanova, Julia"]
[Result "1-0"]
[WhiteElo "2142"]
[BlackElo "2205"]
[PlyCount "63"]
[EventDate "2005.10.02"]
[EventType "swiss"]
[EventRounds "9"]
[EventCountry "GER"]
[SourceTitle "CBM 108 Extra"]
[Source "ChessBase"]
[SourceDate "2005.11.04"]
[SourceVersion "1"]
[SourceVersionDate "2005.11.04"]
[SourceQuality "1"]

1. e4 e6 2. d4 d5 3. exd5 exd5 4. Nf3 Bd6 5. c4 c6 6. Nc3 Ne7 7. Bd3 Bg4 8. 0-0 Nd7 9. cxd5 cxd5 10. Re1 Nb6 11. h3 Bh5 12. Nb5 a6 13. Nxd6+ Qxd6 14. Qe2 Bxf3 15. Qxf3 0-0 16. Bg5 Nc6 17. Qg4 Rfe8 18. Rec1 Nd7 19. Rc3 Nf8 20. a3 h6 21. Be3 Re7 22. Rac1 Rae8 23. Bxa6 Re4 24. Qd1 Nxd4 25. Bd3 R4e7 26. Bxd4 Re1+ 27. Qxe1 Rxe1+ 28. Rxe1 Qd7 29. Rec1 Ng6 30. Bxg6 fxg6 31. Rc8+ Kh7 32. R1c7 1-0

[Event "Ruhrgebiet VK3 0405"]
[Site "Ruhrgebiet"]
[Date "2005.01.30"]
[Round "6.2"]
[White "Hackl Sommer, Rene"]
[Black "Goihl, Mona"]
[Result "1/2-1/2"]
[WhiteElo "2010"]
[BlackElo "2080"]
[PlyCount "81"]
[EventDate "2004.09.12"]
[EventType "team-tourn"]
[EventRounds "9"]
[EventCountry "GER"]
[SourceTitle "EXT 2006"]
[Source "ChessBase"]
[SourceDate "2005.11.24"]
[SourceVersion "1"]
[SourceVersionDate "2005.11.24"]
[SourceQuality "1"]
[WhiteTeam "Ahlen II"]
[BlackTeam "Wattenscheid IV"]
[WhiteTeamCountry "GER"]
[BlackTeamCountry "GER"]

1. e4 c5 2. Nf3 Nc6 3. Bb5 g6 4. 0-0 Bg7 5. Qe2 e6 6. Bxc6 dxc6 7. e5 Ne7 8. d3 Nf5 9. c3 b6 10. Bg5 Qd7 11. g4 Ne7 12. c4 Ng8 13. Nc3 f6 14. Bh4 g5 15. exf6 Nxf6 16. Nxg5 0-0 17. Bg3 e5 18. h3 b5 19. Nge4 h5 20. f3 Nh7 21. Qe3 bxc4 22. dxc4 Qd4 23. Qxd4 cxd4 24. Na4 Be6 25. b3 Bf7 26. Nac5 a5 27. Rac1 Ra7 28. g5 Re7 29. Be1 Ra8 30. Bd2 Bg6 31. Kg2 Bf8 32. Rf2 Ree8 33. Nd3 Re7 34. h4 Bg7 35. Re1 Bf7 36. Rc1 Bg6 37. Kg3 Nf8 38. Ndc5 Nh7 39. Be1 Bf8 40. Rb2 Rf7 41. Rf2 1/2-1/2